000 00884nam a22002175i 4500
001 156409
003 ES-MaACL
005 20250816062549.0
008 990719s1894 sp |||| | spa d
040 _aAR
_bspa
_cAR
100 1 _aJordán de Urríes y Azara, José (
_d1868-1932)
_966921
245 1 0 _aTeorías sobre la belleza y el arte en las obras filosóficas de Cicerón y Séneca /
_cpor José Jordán de Urríes y Azara.
260 _aZaragoza :
_b[s.n.],
_c1894 (
_fEstab. Tip. de "La Derecha")
300 _a71 p. ;
_c24 cm.
500 1 _aTesis-Universidad de Madrid. Facultad de Filosofía y Letras.
600 1 4 _aCicerón, Marco Tulio.
_938748
600 0 4 _aSéneca, Lucio Anneo.
_9105451
650 7 _aEstética
_2embne
_9142387
852 _aES-MaACL
_jT-864-F-7
_z-- Enc. hol., conservando la cub. original
_z-- Enc. en un vol. facticio
999 _c156409
_d156409